000 00530nam a2200145 a 4500
008 120416s1978 ||||||||||||||||| || u
050 _aHF 5549.5.O44 Wal
100 _aWalker, James W
245 1 4 _aThe end of mandatory retirement
246 _aimplications for management
260 _aNew York
_bJohn Wiley and Sons
_c1978
300 _axvi, 223p.
350 _a0.00
995 _D0.00
_FCBU-MAIN LIBRARY (Kitwe)
_H1
_I0.00
_UAVAILABLE
_ZAnnex Low-Usage Collection
999 _c41837
_d41837